000 00610nam a2200181 i 4500
001 68943
003 ES-MaACL
005 20240417111737.0
007 t|
008 040813s1963 sp ||||1| spa d
245 0 0 _aHimno primaveral al papa Juan /
_c[edición literaria] Ricardo García Villoslada ; edición Angel Caffarena Sucb.
260 _aMálaga :
_bLibrería Anticuaria El Guadalhorce,
_c1963.
300 _a31 p. ;
_c17 cm.
700 1 _aGarcía-Villoslada, Ricardo.
_955414
700 1 _aCaffarena, Ángel,
_d1914-1998
_933414
852 _aES-MaACL
_j2033-F-18
_bR.54138
999 _c68943
_d68943